[Event "RUS-ch Seniors"]
[Site "Odintsovo"]
[Date "2011.04.27"]
[Round "9"]
[White "Gorshkov, Yuri"]
[Black "Nikitinyh, Boris Aleksandrovic"]
[Result "1-0"]
[WhiteElo "2348"]
[BlackElo "2246"]
[PlyCount "107"]
[EventDate "2011.04.19"]
[EventType "swiss"]
[EventRounds "9"]
[EventCountry "RUS"]
[SourceTitle "CBM 142 Extra"]
[Source "ChessBase"]
[SourceDate "2011.06.27"]
[SourceVersion "1"]
[SourceVersionDate "2011.06.27"]
[SourceQuality "1"]

1. d4 Nf6 2. Nf3 d6 3. c4 g6 4. Nc3 Bg7 5. g3 0-0 6. Bg2 Nbd7 7. 0-0 c5 8. d5 Re8 9. h3 a6 10. a4 Rb8 11. Re1 Nf8 12. Bf4 b6 13. e4 Nh5 14. Bd2 e6 15. g4 Nf6 16. e5 dxe5 17. Nxe5 Bb7 18. Bf4 exd5 19. cxd5 Rc8 20. Qf3 Ba8 21. Rad1 h6 22. Bg3 Qe7 23. Qd3 c4 24. Nxc4 Qb4 25. Rxe8 Nxe8 26. Bf1 Nd7 27. Ne4 Qxa4 28. Ncd6 Nxd6 29. Nxd6 Nc5 30. Qf3 Rf8 31. Nc4 Nd7 32. b3 Qa2 33. h4 b5 34. Rd2 Qa1 35. Ne3 Qb1 36. h5 Qxb3 37. hxg6 fxg6 38. Qe4 Qc3 39. Qe6+ Kh7 40. Rc2 Qf6 41. Qxd7 Rf7 42. Qc8 Bb7 43. Qb8 b4 44. Rc7 Rxc7 45. Qxc7 Ba8 46. Qa7 b3 47. Qxa8 b2 48. Qb7 Qc3 49. Nc4 Qd4 50. Nxb2 Qxb2 51. Qxb2 Bxb2 52. Bc7 Kg7 53. Bxa6 Kf6 54. Kf1 1-0

[Event "Kimry-ch"]
[Site "Kimry"]
[Date "2010.01.04"]
[Round "5"]
[White "Gorshkov, Yuri"]
[Black "Dobrovolskiy, Konstantin"]
[Result "0-1"]
[WhiteElo "2369"]
[BlackElo "2196"]
[PlyCount "128"]
[EventDate "2010.01.02"]
[EventType "swiss"]
[EventRounds "9"]
[EventCountry "RUS"]
[SourceTitle "CBM 134 Extra"]
[Source "ChessBase"]
[SourceDate "2010.03.03"]
[SourceVersion "1"]
[SourceVersionDate "2010.03.03"]
[SourceQuality "1"]

1. Nf3 d5 2. g3 Nf6 3. Bg2 c6 4. 0-0 Bf5 5. d3 h6 6. Nbd2 e6 7. Qe1 Be7 8. Kh1 0-0 9. e4 Bh7 10. e5 Nfd7 11. Ng1 c5 12. f4 Nc6 13. Ngf3 b5 14. Rf2 Qb6 15. Nf1 c4 16. dxc4 bxc4 17. c3 Rab8 18. g4 Nc5 19. Be3 Nd3 20. Bxb6 Nxe1 21. Rxe1 Rxb6 22. Ne3 Rfb8 23. Nd1 Bb1 24. a3 Na5 25. Bf1 Be4 26. Bg2 Nb3 27. Rfe2 Nc5 28. Nd4 Bxg2+ 29. Rxg2 Nd3 30. Rf1 Nxb2 31. Nxb2 Rxb2 32. Nc6 Rxg2 33. Nxb8 Rb2 34. Nc6 Bc5 35. f5 a6 36. a4 Rb6 37. Na5 Be3 38. Rd1 Bf4 39. fxe6 fxe6 40. Kg2 Bxe5 41. Rc1 Kf7 42. h4 Ke7 43. Rc2 Kd7 44. g5 hxg5 45. hxg5 g6 46. Kf3 Bc7 47. Rd2 Kc8 48. Ke3 Rd6 49. Nxc4 dxc4 50. Rc2 Rd5 51. Ke4 Rxg5 52. Kd4 Rg4+ 53. Kc5 Kd7 54. Rd2+ Ke7 55. Kc6 Be5 56. Rd7+ Kf6 57. Ra7 Bxc3 58. Rxa6 Bd4 59. Kd7 Re4 60. Rc6 c3 61. a5 g5 62. a6 g4 63. Rc4 Kf5 64. Kc6 g3 0-1

[Event "RUS-ch Seniors"]
[Site "Lesnoj Gorodok"]
[Date "2009.10.10"]
[Round "8"]
[White "Golcman, Evgeny"]
[Black "Gorshkov, Yuri"]
[Result "1/2-1/2"]
[WhiteElo "2304"]
[BlackElo "2380"]
[PlyCount "39"]
[EventDate "2009.10.03"]
[EventType "swiss"]
[EventRounds "9"]
[EventCountry "RUS"]
[SourceTitle "CBM 132 Extra"]
[Source "ChessBase"]
[SourceDate "2009.11.03"]
[SourceVersion "1"]
[SourceVersionDate "2009.11.03"]
[SourceQuality "1"]

1. c4 g6 2. Nc3 Bg7 3. g3 d6 4. Bg2 e5 5. Nf3 Nc6 6. 0-0 Be6 7. d3 h6 8. Bd2 Qd7 9. Rb1 a5 10. Qa4 Rb8 11. a3 Nge7 12. b4 axb4 13. axb4 0-0 14. b5 Nd4 15. e3 Nxf3+ 16. Bxf3 d5 17. cxd5 Nxd5 18. Nxd5 Bxd5 19. Bxd5 Qxd5 20. Rfd1 1/2-1/2

[Event "Voronezh op-A 13th"]
[Site "Voronezh"]
[Date "2009.06.19"]
[Round "8"]
[White "Zakharchenko, Arnold"]
[Black "Gorshkov, Yuri"]
[Result "1-0"]
[WhiteElo "2315"]
[BlackElo "2380"]
[PlyCount "73"]
[EventDate "2009.06.12"]
[EventType "swiss"]
[EventRounds "9"]
[EventCountry "RUS"]
[SourceTitle "CBM 130 Extra"]
[Source "ChessBase"]
[SourceDate "2009.07.02"]
[SourceVersion "2"]
[SourceVersionDate "2009.07.15"]
[SourceQuality "1"]

1. d4 Nf6 2. c4 g6 3. Nc3 Bg7 4. e4 0-0 5. Be3 d6 6. f3 c6 7. Qd2 e5 8. d5 cxd5 9. cxd5 a6 10. g4 b5 11. Nge2 Nbd7 12. Ng3 Nb6 13. h4 Bxg4 14. fxg4 Nxg4 15. Be2 Nxe3 16. Qxe3 Rc8 17. a4 b4 18. Nd1 Nc4 19. Bxc4 Rxc4 20. Rc1 Qc7 21. Rxc4 Qxc4 22. Rf1 Qc2 23. h5 f6 24. h6 Bh8 25. b3 Rc8 26. Rf2 Qc7 27. Ne2 Rf8 28. Qd3 Qc8 29. Rg2 f5 30. exf5 Rxf5 31. Ne3 Rf3 32. Rf2 Rxf2 33. Kxf2 Bf6 34. Kg2 Bg5 35. Qc4 Qd8 36. Ng4 a5 37. Ng3 1-0

[Event "RUS-ch Seniors"]
[Site "Odintsovo"]
[Date "2008.10.06"]
[Round "4"]
[White "Gorshkov, Yuri"]
[Black "Gumerov, Renant"]
[Result "1/2-1/2"]
[WhiteElo "2393"]
[BlackElo "2230"]
[PlyCount "50"]
[EventDate "2008.10.02"]
[EventType "swiss"]
[EventRounds "9"]
[EventCountry "RUS"]
[SourceTitle "CBM 127 Extra"]
[Source "ChessBase"]
[SourceDate "2009.01.08"]
[SourceVersion "2"]
[SourceVersionDate "2009.01.28"]
[SourceQuality "1"]

1. Nf3 f5 2. d4 e6 3. Bg5 Be7 4. Bxe7 Qxe7 5. Nc3 Nf6 6. e3 b6 7. Bd3 Bb7 8. 0-0 d6 9. Qe2 Ne4 10. Nd2 Nxd2 11. Qxd2 Qg5 12. f4 Qf6 13. Nb5 Na6 14. Qe2 d5 15. a4 Qe7 16. c3 c6 17. Na3 Nc7 18. Nc2 a5 19. Ne1 0-0 20. Nf3 Ne8 21. Ne5 Nf6 22. Rf3 Nd7 23. Nxd7 Qxd7 24. Raf1 Qc8 25. b4 Ba6 1/2-1/2

[Event "Voronezh op-A"]
[Site "Voronezh"]
[Date "2008.06.20"]
[Round "8"]
[White "Gorshkov, Yuri"]
[Black "Napalkov, Vladimir Aleksandro"]
[Result "1-0"]
[WhiteElo "2393"]
[BlackElo "2289"]
[PlyCount "59"]
[EventDate "2008.06.12"]
[EventType "swiss"]
[EventRounds "9"]
[EventCountry "RUS"]
[SourceTitle "CBM 125 Extra"]
[Source "ChessBase"]
[SourceDate "2008.09.01"]
[SourceVersion "1"]
[SourceVersionDate "2008.09.01"]
[SourceQuality "1"]

1. d4 d5 2. c4 c6 3. Nf3 Nf6 4. Nc3 e6 5. e3 Nbd7 6. Qc2 Bd6 7. Bd3 dxc4 8. Bxc4 0-0 9. 0-0 b5 10. Be2 a6 11. Rd1 Qc7 12. e4 e5 13. g3 Re8 14. a3 h6 15. b4 a5 16. Rb1 axb4 17. axb4 Bb7 18. Bf1 Qb8 19. Bg2 Bf8 20. h3 exd4 21. Nxd4 Ne5 22. f4 Nc4 23. e5 Nd7 24. Kh2 Qc8 25. Ne4 Ra4 26. Nf5 Rd8 27. Rxd7 Qxd7 28. Nxh6+ Kh8 29. Ng5 Qd3 30. Ngxf7+ 1-0

[Event "Voronezh op-B 11th"]
[Site "Voronezh"]
[Date "2007.06.16"]
[Round "5"]
[White "Fadin, Evgeny"]
[Black "Gorshkov, Yuri"]
[Result "0-1"]
[WhiteElo "2171"]
[BlackElo "2393"]
[PlyCount "92"]
[EventDate "2007.06.12"]
[EventType "swiss"]
[EventRounds "9"]
[EventCountry "RUS"]
[SourceTitle "EXT 2010"]
[Source "ChessBase"]
[SourceDate "2010.11.25"]
[SourceVersion "1"]
[SourceVersionDate "2010.11.25"]
[SourceQuality "1"]

1. e4 c5 2. Nf3 d6 3. d4 cxd4 4. Nxd4 Nf6 5. Nc3 a6 6. Be2 e6 7. a4 Be7 8. 0-0 0-0 9. Be3 Nc6 10. f4 Qc7 11. Qe1 Nxd4 12. Bxd4 e5 13. Be3 exf4 14. Rxf4 Be6 15. Rd1 Nd7 16. Qg3 Ne5 17. Bd4 Rac8 18. Kh1 Qa5 19. Rff1 Qb4 20. Rd2 h6 21. Rdd1 Bd8 22. Nd5 Bxd5 23. exd5 Rxc2 24. Bd3 Rxb2 25. Bxb2 Qxb2 26. Bb1 Bg5 27. Bf5 Qa2 28. Rd4 Kh8 29. Qe1 g6 30. Bh3 Kg7 31. Qb1 Qe2 32. Rfd1 f5 33. Rb4 Rf7 34. Rb2 Qc4 35. Rb4 Qc7 36. g3 Be3 37. Rb3 Bc5 38. Qc1 Kh7 39. Qb2 b6 40. Qe2 a5 41. Rb2 Qe7 42. Rf1 Qg5 43. Rf4 Re7 44. Rb1 h5 45. Rbf1 Nd7 46. Qd1 Be3 0-1

[Event "Kimry-ch"]
[Site "Kimry"]
[Date "2005.01.??"]
[Round "4"]
[White "Gorshkov, Yuri"]
[Black "Prizant, Jaroslav"]
[Result "0-1"]
[WhiteElo "2383"]
[BlackElo "2492"]
[PlyCount "58"]
[EventDate "2005.01.??"]
[EventType "swiss"]
[EventRounds "9"]
[EventCountry "RUS"]
[SourceTitle "EXT 2006"]
[Source "ChessBase"]
[SourceDate "2005.11.24"]
[SourceVersion "1"]
[SourceVersionDate "2005.11.24"]
[SourceQuality "1"]

1. c4 e5 2. Nc3 Bb4 3. g3 Bxc3 4. bxc3 d6 5. Bg2 f5 6. d3 Nf6 7. a4 0-0 8. a5 c5 9. a6 Qb6 10. axb7 Bxb7 11. Bxb7 Qxb7 12. f3 e4 13. Nh3 exf3 14. exf3 Re8+ 15. Kf2 Nc6 16. Re1 Rxe1 17. Qxe1 Ne5 18. Qd1 Re8 19. Ng1 d5 20. d4 cxd4 21. Qxd4 dxc4 22. Kg2 Qb3 23. Ba3 Nd3 24. Kh3 a5 25. Bc1 Qd1 26. Qxc4+ Kh8 27. Bg5 Qxa1 28. Bxf6 Qf1+ 29. Kh4 Qxg1 0-1

[Event "Kimry-ch"]
[Site "Kimry"]
[Date "2004.??.??"]
[Round "9"]
[White "Asrian, Armen"]
[Black "Gorshkov, Yuri"]
[Result "0-1"]
[WhiteElo "2205"]
[BlackElo "2377"]
[PlyCount "170"]
[EventDate "2004.??.??"]
[EventType "swiss"]
[EventRounds "9"]
[EventCountry "RUS"]
[SourceTitle "EXT 2005"]
[Source "ChessBase"]
[SourceDate "2004.11.15"]
[SourceVersion "1"]
[SourceVersionDate "2004.11.15"]
[SourceQuality "1"]

1. e4 c5 2. Nf3 e6 3. d4 cxd4 4. Nxd4 a6 5. Bd3 Nf6 6. Qe2 d6 7. 0-0 Qc7 8. c4 Nc6 9. Nxc6 bxc6 10. Nc3 Be7 11. f4 Nd7 12. Kh1 Bf6 13. Be3 c5 14. Rae1 Rb8 15. Bg1 0-0 16. Rf3 g6 17. Bb1 Bb7 18. Rh3 Rfe8 19. Qd2 Nb6 20. b3 Rbd8 21. Qe2 Nd7 22. Qg4 Nb8 23. Rf1 Nc6 24. Ne2 Qe7 25. Ng3 Bg7 26. Be3 Bc8 27. Bc1 Qf6 28. f5 exf5 29. exf5 Qd4 30. Qg5 f6 31. Qh4 Qxh4 32. Rxh4 g5 33. Re4 Ne5 34. Ree1 Bb7 35. Be4 d5 36. Bxd5+ Bxd5 37. cxd5 Rxd5 38. Re4 Red8 39. Be3 Rc8 40. Rc1 Bf8 41. h3 Kf7 42. Ra4 Rc6 43. Nf1 h5 44. Nd2 h4 45. Ne4 Nd7 46. Rac4 Rxf5 47. b4 Ne5 48. R4c3 c4 49. Bc5 Bxc5 50. Nxc5 Rf2 51. a3 Re2 52. Rd1 Kg6 53. Kg1 Kf7 54. Rd8 Ke7 55. Rd4 a5 56. Ne4 axb4 57. axb4 Rb2 58. Nc5 Rxb4 59. Ne4 Rb2 60. Nd2 Rb4 61. Kf2 f5 62. g3 hxg3+ 63. Kxg3 Ke6 64. Rd8 Rd6 65. Re8+ Kf6 66. Rxe5 Rxd2 67. Rc5 Rd3+ 68. Rxd3 cxd3 69. Rd5 Rb3 70. Kf2 Kg6 71. Ke1 d2+ 72. Kxd2 Rxh3 73. Ke2 g4 74. Kf2 Ra3 75. Rb5 Kg5 76. Kg2 Rf3 77. Ra5 Re3 78. Kf2 Rd3 79. Kg2 Kf4 80. Ra4+ Ke3 81. Ra8 f4 82. Re8+ Kd2 83. Rg8 Ke2 84. Rxg4 f3+ 85. Kh2 f2 0-1

[Event "Kimry-ch"]
[Site "Kimry"]
[Date "2004.??.??"]
[Round "6"]
[White "Gusakov, Pavel"]
[Black "Gorshkov, Yuri"]
[Result "1-0"]
[WhiteElo "2101"]
[BlackElo "2377"]
[PlyCount "105"]
[EventDate "2004.??.??"]
[EventType "swiss"]
[EventRounds "9"]
[EventCountry "RUS"]
[SourceTitle "EXT 2005"]
[Source "ChessBase"]
[SourceDate "2004.11.15"]
[SourceVersion "1"]
[SourceVersionDate "2004.11.15"]
[SourceQuality "1"]

1. e4 g6 2. d4 Bg7 3. f4 d6 4. Nf3 Bg4 5. c3 c6 6. h3 Bxf3 7. Qxf3 e6 8. Bd3 d5 9. e5 Nd7 10. 0-0 h5 11. Be3 Nh6 12. Nd2 Bf8 13. b4 Nf5 14. Bf2 h4 15. Nb3 Be7 16. a4 Qc7 17. a5 Kf8 18. Rfe1 Kg7 19. Nd2 Rh5 20. Nf1 Rhh8 21. Nh2 b6 22. Qe2 c5 23. axb6 axb6 24. bxc5 bxc5 25. Nf3 Ra5 26. Reb1 Rb8 27. Rxa5 Rxb1+ 28. Bxb1 Qxa5 29. Bxf5 gxf5 30. Qe1 cxd4 31. cxd4 Bb4 32. Qd1 Bc3 33. Bxh4 Qb4 34. Bf2 Nb8 35. Ng5 Kg6 36. Qd3 Be1 37. Qg3 Bxf2+ 38. Qxf2 Kg7 39. Kh2 Kf8 40. Qh4 Ke8 41. Nh7 Kd7 42. Qh5 Qe7 43. Qd1 Qb4 44. Qc1 Qxd4 45. Nf6+ Kd8 46. h4 Nd7 47. Nxd7 Kxd7 48. Qf1 Qc4 49. Qf3 Qe4 50. Qf2 Ke8 51. h5 Qd3 52. h6 Kf8 53. Qh4 1-0

[Event "Kimry-ch"]
[Site "Kimry"]
[Date "2004.??.??"]
[Round "4"]
[White "Nadeev, Sergey Vladimirovic"]
[Black "Gorshkov, Yuri"]
[Result "1-0"]
[WhiteElo "2316"]
[BlackElo "2377"]
[PlyCount "89"]
[EventDate "2004.??.??"]
[EventType "swiss"]
[EventRounds "9"]
[EventCountry "RUS"]
[SourceTitle "EXT 2005"]
[Source "ChessBase"]
[SourceDate "2004.11.15"]
[SourceVersion "1"]
[SourceVersionDate "2004.11.15"]
[SourceQuality "1"]

1. e4 c5 2. Nf3 e6 3. d4 cxd4 4. Nxd4 a6 5. Be3 Nf6 6. Bd3 Qc7 7. 0-0 Nc6 8. Nc3 Ne5 9. h3 Bc5 10. Kh1 d6 11. Qe1 b5 12. f4 Nxd3 13. cxd3 Bb7 14. Rc1 Qb6 15. Qf2 e5 16. fxe5 dxe5 17. Na4 bxa4 18. Rxc5 exd4 19. Bxd4 0-0 20. Rg5 Qd6 21. Rxg7+ Kxg7 22. Bxf6+ Kg8 23. Qh4 Rfc8 24. Qg5+ Kf8 25. Qg7+ Ke8 26. Qg8+ Qf8 27. Qg5 Rc5 28. Qf4 Rac8 29. d4 Rh5 30. d5 Rc2 31. Rf3 Qh6 32. Qd6 Rxh3+ 33. Rxh3 Qc1+ 34. Kh2 Rxg2+ 35. Kxg2 Qd2+ 36. Kf3 Qd3+ 37. Kf4 Qd2+ 38. Re3 Qh2+ 39. Rg3 Qd2+ 40. Kf3 Qd1+ 41. Ke3 Qc1+ 42. Kd3 Qf1+ 43. Kd4 Qf2+ 44. Kc4 Qe2+ 45. Kb4 1-0

[Event "Kimry m"]
[Site "Kimry"]
[Date "2003.04.20"]
[Round "?"]
[White "Gorshkov, Yuri"]
[Black "Grechkin, D."]
[Result "1/2-1/2"]
[WhiteElo "2353"]
[BlackElo "2306"]
[PlyCount "113"]
[EventDate "2003.04.20"]
[EventType "match"]
[EventRounds "1"]
[EventCountry "RUS"]
[SourceTitle "EXT 2008"]
[Source "ChessBase"]
[SourceDate "2007.11.25"]
[SourceVersion "1"]
[SourceVersionDate "2007.11.25"]
[SourceQuality "1"]

1. Nf3 Nf6 2. c4 e6 3. e3 d5 4. Nc3 c5 5. d4 Nc6 6. a3 dxc4 7. Bxc4 cxd4 8. exd4 Be7 9. 0-0 0-0 10. Re1 Nd5 11. Qd3 Bf6 12. Ne4 h6 13. Bd2 Nb6 14. Bc3 Nxc4 15. Qxc4 Be7 16. Rad1 Qd5 17. Qxd5 exd5 18. Nc5 b6 19. Nd3 Bg4 20. Nde5 Nxe5 21. Rxe5 Be6 22. h3 Rfe8 23. Re3 Bd6 24. Ne5 Rac8 25. Rde1 Bf5 26. Rf3 Be4 27. Rfe3 f6 28. f3 Bc2 29. Nc4 Rxe3 30. Nxe3 Bb3 31. Nf5 Bxa3 32. Re7 Bc2 33. Rxg7+ Kh8 34. Rxa7 Bxb2 35. Bxb2 Bxf5 36. Ba3 Rc6 37. Kf2 Bd3 38. g4 f5 39. Bf8 b5 40. Ke3 Bf1 41. Kf4 fxg4 42. Bg7+ Kg8 43. hxg4 b4 44. Be5 b3 45. Rb7 Rc3 46. Kf5 Rxf3+ 47. Ke6 Bh3 48. Kxd5 Rf2 49. Rxb3 Bxg4 50. Rb8+ Rf8 51. Rb6 h5 52. Kc5 Bf3 53. d5 Rd8 54. Rg6+ Kh7 55. Rg7+ Kh6 56. d6 Bg4 57. Re7 1/2-1/2